Statystyki dla Władcy ZSRR

Kliknij tutaj aby rozwiązać quiz!

Ogólne statystyki

  • Ten quiz został rozwiązany 98 razy
  • Średni wynik to 4 z 7

Statystyki odpowiedzi

Odpowiedź% Poprawnych
Józef Stalin
99%
Włodzimierz Lenin
90%
Nikita Chruszczow
70%
Leonid Breżniew
64%
Michaił Gorbaczow
63%
Jurij Andropow
27%
Gieorgij Malenkow
16%

Rozkład punktacji

Percentyl według liczby udzielonych odpowiedzi

Procent ludzi z każdym wynikiem

Twoja historia wyników

Nie rozwiązałeś tego quizu